| 000 | 00753nam a2200229Ii 4500 | ||
|---|---|---|---|
| 003 | JO-AjNU | ||
| 008 | 230605s9999||||xx |||||||||||||| ||und|| | ||
| 017 | _a1984/5/230 | ||
| 020 | _a978-9957-94-492-6 | ||
| 040 |
_aJO-AjNU _bara _erda _cJO-AjNU |
||
| 041 | _aara | ||
| 050 | 1 | 4 | _aBP75.2.Q3222 2020 |
| 100 | 3 |
_aالقضاة، أحمد حسن, _eauthor _962613 |
|
| 245 | 0 | 0 | _aقراءات في السيرة العطرة |
| 250 | _aط3 | ||
| 264 | 3 | 1 | _aعمان: دار الجنان للنشر، 2020 |
| 300 |
_a127ص _bيحتوي على مصادر ومراجع من ص189-202ص |
||
| 336 |
_atext _btxt _2rdacontent |
||
| 337 |
_aunmediated _bn _2rdamedia |
||
| 338 |
_avolume _bnc _2rdacarrier |
||
| 650 | 4 |
_aالسيرة النبوية _962614 |
|
| 999 |
_aA28361 _c31929 _d31929 |
||